Quizzes
Events
Quiz Creation
Community
Videos
Private Events
Remove Ads
Sign In
Join for FREE
Feedback
Dark Mode
Quiz Categories
Sports
Geography
Music
Movies
Television
Just For Fun
Miscellaneous
History
Literature
Language
Science
Gaming
Entertainment
Religion
Holiday
For Kids
Quiz Lab
Recent
Popular Today
Quiz Kudos Today
Editor Picks
Curator Picks
Quizzes by...
Day
Popularity
Type
Ratings
Length
Year
Community
Subscriptions
Recent Discussions
Orange Saloon
Badges
Playlists
Quests
Create
Leaderboards
Showdown
Live 5
Trivia Bingo
Activity
Puzzle Library
Sporcle Events
Private Events
Virtual Trivia
Globe League
Become a Host
Pub Owners
SporcleCon
Opinionation
Our Games
Videos
Blog
Mobile Apps
Partnerships
Remove Ads and Go Orange
Feedback
Sports
Athletes
MLB
NBA
NHL
NFL
Soccer
Sports Teams
WWE
NCAA
Football
Premier League
Basketball
Baseball
Hockey
Golf
Tennis
Cricket
Rugby
Auto Racing
Olympics
World Cup
Sports
Athletes
MLB
NBA
NHL
NFL
Soccer
Sports Teams
WWE
NCAA
Football
Premier League
Basketball
Baseball
Hockey
Golf
Tennis
Cricket
Rugby
Auto Racing
Olympics
World Cup
Random Quiz
Search Sporcle
×
Quiz Lab
Quiz Lab
Sports
Steven
Type in answers that appear in a list
Type in answers that appear in a list
Classic
Best Score? Go Orange.
Steven Gerrard Liverpool Goals Stats
Can you name the Steven Gerrard Liverpool Goals?
By
Randleini
20m
186 Questions
1,539 Plays
1,539 Plays
1,539 Plays
Comments
Comments
Give Quiz Kudos
Give Quiz Kudos
-
- Ratings
hide this ad
More Info
Replay
Link that replays current quiz
Next Quiz
Link to next quiz in quiz playlist
You Got
0%
They Got
Avg Score
73%
Avg Friend Score
Upgrade to see
Score Distribution
Jump to the score distribution portion of the page
Score
0/186
Timer
20:00
0
Plays Today
Goal Number
Team
% Correct
167
Arsenal
97%
5
Arsenal
96.9%
9
Manchester United
96.9%
19
Manchester United
96.9%
40
Arsenal
96.9%
71
Arsenal
96.9%
78
Arsenal
96.9%
95
Arsenal
96.9%
114
Manchester United
96.9%
134
Manchester United
96.9%
135
Manchester United
96.9%
141
Manchester United
96.9%
151
Manchester United
96.9%
169
Manchester United
96.8%
170
Manchester United
96.8%
49
Chelsea
96.8%
185
Chelsea
96.6%
25
Manchester City
96.5%
31
Manchester City
96.5%
67
Manchester City
96.5%
144
Manchester City
96.5%
145
Manchester City
96.5%
156
Manchester City
96.4%
165
Everton
95.1%
13
Everton
95.1%
38
Everton
95.1%
55
Everton
95.1%
110
Everton
95.1%
111
Everton
95.1%
147
Everton
95.1%
148
Everton
95.1%
149
Everton
95.1%
176
Everton
95%
174
Tottenham Hotspur
92.9%
158
Tottenham Hotspur
92.9%
183
Tottenham Hotspur
92.8%
20
Tottenham Hotspur
92.7%
121
Tottenham Hotspur
92.7%
172
West Ham United
92.4%
173
West Ham United
92.4%
2
West Ham United
92.1%
18
West Ham United
92.1%
63
West Ham United
92.1%
64
West Ham United
92.1%
93
West Ham United
92.1%
118
West Ham United
92.1%
119
West Ham United
92.1%
164
Aston Villa
92.1%
7
Aston Villa
92.1%
12
Aston Villa
92.1%
17
Aston Villa
92.1%
51
Aston Villa
92.1%
61
Aston Villa
92.1%
62
Aston Villa
92.1%
76
Aston Villa
92.1%
115
Aston Villa
92.1%
116
Aston Villa
92.1%
117
Aston Villa
92.1%
152
Aston Villa
92%
159
Aston Villa
92%
54
Newcastle United
91.5%
60
Newcastle United
91.5%
Goal Number
Team
% Correct
82
Newcastle United
91.5%
94
Newcastle United
91.5%
108
Newcastle United
91.5%
109
Newcastle United
91.5%
142
Newcastle United
91.5%
161
Newcastle United
91.5%
41
AC Milan
90.9%
171
Sunderland
90%
52
Sunderland
89.7%
91
Sunderland
89.7%
136
Sunderland
89.7%
112
Real Madrid
86%
113
Real Madrid
86%
186
Stoke City
84.8%
163
Stoke City
84.3%
154
Stoke City
84.2%
168
Southampton
84.1%
6
Southampton
84%
32
West Bromwich Albion
83%
35
West Bromwich Albion
83%
120
West Bromwich Albion
83%
68
Fulham
81.5%
81
Fulham
81.5%
153
Fulham
81.2%
166
Fulham
81%
96
Blackburn Rovers
80.1%
105
Blackburn Rovers
80.1%
128
Blackburn Rovers
80.1%
140
Blackburn Rovers
80.1%
10
Leeds United
79.3%
21
Leeds United
79.3%
155
Norwich City
78.7%
157
Swansea City
77.8%
179
Leicester City
77.8%
180
Leicester City
77.8%
177
Leicester City
77.8%
160
Crystal Palace
77.5%
15
Bolton Wanderers
77.4%
24
Bolton Wanderers
77.4%
56
Bolton Wanderers
77.4%
84
Bolton Wanderers
77.4%
92
Inter Milan
77.4%
70
Bolton Wanderers
77.4%
103
Bolton Wanderers
77.4%
122
Bolton Wanderers
77.4%
1
Sheffield Wednesday
77.2%
16
Birmingham City
76.5%
23
Birmingham City
76.5%
28
Birmingham City
76.5%
59
Birmingham City
76.5%
124
Birmingham City
76.5%
130
Birmingham City
76.5%
50
Crystal Palace
76.2%
131
Burnley
75.7%
132
Burnley
75.7%
39
Middlesbrough
75.3%
74
Middlesbrough
75.3%
75
Middlesbrough
75.3%
97
Middlesbrough
75.3%
106
Hull City
75%
107
Hull City
75%
123
Hull City
75%
Goal Number
Team
% Correct
162
Hull City
74.7%
34
Portsmouth
73.7%
58
Portsmouth
73.7%
101
Portsmouth
73.7%
79
Cardiff City
72.4%
184
Queens Park Rangers
72.1%
87
Derby County
71%
72
Sheffield United
70.2%
4
Olympiacos
69.2%
33
Olympiacos
69.2%
36
Watford
69.1%
37
Watford
69.1%
125
Wolverhampton Wanderers
69.1%
22
Charlton Athletic
64.7%
69
Charlton Athletic
64.7%
181
AFC Wimbledon
60.6%
182
AFC Wimbledon
60.6%
85
Reading
59.9%
126
Reading
59.9%
86
Marseille
59.6%
98
Marseille
59.6%
99
Marseille
59.6%
104
Marseille
59.6%
137
Napoli
54.3%
138
Napoli
54.3%
139
Napoli
54.3%
146
Brighton & Hove Albion
53.9%
66
PSV Eindhoven
52.4%
73
PSV Eindhoven
52.4%
100
PSV Eindhoven
52.4%
57
Luton Town
51.6%
88
Luton Town
51.6%
89
Luton Town
51.6%
90
Luton Town
51.6%
83
FC Porto
50.8%
3
Coventry City
49.8%
143
Oldham Athletic
45.1%
102
Atletico Madrid
42.7%
11
Alaves
42.5%
178
FC Basel
42.3%
42
TNS
41.7%
43
TNS
41.7%
44
TNS
41.7%
45
TNS
41.7%
46
TNS
41.7%
8
Tranmere Rovers
39.5%
77
Besiktas
39.2%
80
Besiktas
39.2%
129
Lille
35%
175
Ludogorets
28.4%
53
Deportivo Saprissa
28.3%
65
Bordeaux
28.1%
14
Dynamo Kiev
19.6%
150
FC Gomel
18.3%
47
FBK Kaunas
17.5%
48
FBK Kaunas
17.5%
29
Grazer AK
16.5%
30
Grazer AK
16.5%
26
Levski Sofia
16.4%
27
Levski Sofia
16.4%
133
FK Rabotnicki
15.6%
127
Unirea Urziceni
13.3%
Quiz Playlist
Details
Report
Send in Message
Add To Playlist
More Info:
Competitive Goals Only......
Classic:
Type in answers that appear in a list
Quiz Source
Last Updated: Dec 12, 2018
Quiz Scoreboard
CHALLENGE
Sign Up to Join the Scoreboard
Show All
Scores
Hide
Comments
May contain spoilers
Recently Published
9x9 Crossword: Cartoon Network
by jackfrog10
Miscellaneous
3m
College Basketball Coaching Resumes
by pancakes188
Sports
9m
Billboard Blitz: Fleetwood Mac
by CooCooCachoo
Music
15s
More to Explore
Quiz From the Vault
Featured Blog Post
Where Did the Easter Bunny Come From?
hide this ad
You Might Also Like...
Tags
date
Gerrard
goal
Liverpool
Steven
Steven Gerrard
team
Today's Top Quizzes in Sports
Browse Sports
hide this ad
Today's Top Quizzes in Steven
Browse Steven
Top Contributed Quizzes in Sports
1
2022 World Cup Stars
2
Les meilleurs buteurs des matchs entre le PSG et l’OM
3
FIFA Club World Cup Champions
4
Les entraîneurs de l'OM et du PSG au 21e siècle
5
Criteria MLB: Left Handed Sluggers
6
AFC Teams Reveal (Wrong Answers Minefield)
7
2023 MLB Unique Player Accomplishments
8
Players with Multiple 50 Home Run Seasons
9
5-to-1: FBS Animal Nicknames
10
5-to-1: UK Sports Teams
Explore More
Trending Topics
Harry Potter
Marvel
Kpop
NBA
Disney
Crossword
Anime
WWE
NFL
Pokémon
Country
Puzzle
The Office
Song
Soccer
hide this ad
More By:
Randleini
Quiz
Plays
Rating
Category
Featured
Created
Cristiano Ronaldo Real Madrid Goals
9,436
4.37
Sports
Oct 4, 2012
Scored 2+ Goals in Premier League match for Liverpool
8,341
4.53
Sports
Jul 30, 2012
Six Degrees of Shaquille O'Neal
6,538
5.00
Sports
Jun 11, 2015
Liverpool FC Top 50 Transfer Fees Received
6,299
4.13
Sports
Jul 17, 2012
Top 100 Foreign Goal Scorers in Premier League History
5,462
4.86
Sports
Dec 13, 2012
Go to Creator's Profile
Score Distribution
Quiz Creator Spotlight
Randleini
Follow
Send a Message
Quizzes Created
-
Created Quiz Play Count
-
More By This Creator
Popular Quizzes Today
1
Find the US States - No Outlines Minefield
2
Find the Countries of Europe - No Outlines Minefield
3
The Countries of the World
4
Find the US States
5
Risky Map Clicking: Biggest States A-Z
6
US States
7
Popular People in 1961
8
Movies - When Are They Set?
More Sports Quizzes
Liverpool Squad Nationalities
Curator's Pick
Trending Quizzes
Risky Map Clicking: Least Populous States A-Z
1-10 Letter G Words
1-10 Letter F Words
Risky Map Clicking: Next State Alphabetically
Adjectives in 80s TV Shows
Recently Updated
Leaping Animals
pecheneg
Reality TV Shows (A-Z)
bhenderson79
Rickey Henderson's Hall of Fame Teammates
pecheneg
Champions League XIs: Arsenal
pecheneg
Quick Pick: Celebrities in WWE's Hall of Fame
aduchscher
A-Z Keypad Blitz II
pecheneg
Multiple Oscar Actors
pecheneg
Mystery Phrase Blitz: Oscar 'Best Actors'
pecheneg
F. Scott Fitzgerald Novels
LTH
Pick 3 Villains
ddd62291
Trending Topics
Marvel
NBA
Harry Potter
Kpop
Disney
Crossword
Anime
NFL
The Office
WWE
Puzzle
Song
Soccer
Country
Pokémon
Your Account Isn't Verified!
In order to create a playlist on Sporcle, you need to verify the email address you used during registration. Go to your
Sporcle Settings
to finish the process.
Report this User
Report this user for behavior that violates our
Community Guidelines
.
Details:
Send Report
Go to the Sporcle.com Mobile Site →
Comments